VARIABLE COMPLEJA CON APLICACIONES (Registro nro. 52764)
[ vista simple ]
| 000 -LEADER | |
|---|---|
| fixed length control field | 00958nam a2200205 a 4500 |
| 001 - CONTROL NUMBER | |
| control field | 52764 |
| 005 - DATE AND TIME OF LATEST TRANSACTION | |
| control field | 20180714042736.0 |
| 008 - FIXED-LENGTH DATA ELEMENTS--GENERAL INFORMATION | |
| fixed length control field | 140415s1997 mx 000 0 spa d |
| 020 ## - INTERNATIONAL STANDARD BOOK NUMBER | |
| International Standard Book Number | 96844444028 |
| 041 ## - LANGUAGE CODE | |
| Language code of text/sound track or separate title | spa |
| 082 ## - DEWEY DECIMAL CLASSIFICATION NUMBER | |
| Classification number | 515.9 |
| Item number | WUN |
| 100 1# - MAIN ENTRY--PERSONAL NAME | |
| Personal name | Wunsch, A. David,. |
| 245 10 - TITLE STATEMENT | |
| Title | VARIABLE COMPLEJA CON APLICACIONES |
| 250 ## - EDITION STATEMENT | |
| Edition statement | 2a ed. |
| 260 ## - PUBLICATION, DISTRIBUTION, ETC. | |
| Place of publication, distribution, etc. | MEXICO : |
| Name of publisher, distributor, etc. | ADDISON WESLEY, |
| Date of publication, distribution, etc. | 1997 |
| 300 ## - PHYSICAL DESCRIPTION | |
| Extent | 660 |
| Dimensions | 15.8 x 2.9 x 23 |
| 520 ## - SUMMARY, ETC. | |
| Summary, etc. | ESTE LIBRO ES UN TEXTO DE TEORIA Y APLICACIONES DE LA VARIABLE COMPLEJA DIRIJIDO A ESTUDIANTES DE INGENIERIA Y DE CIENCIAS CON CONOCIMIENTOS BASICOS DE CLACULO Y ECUACIONES DIFERENCIALES. EL AUTOR SE HA PREOCUPADO POR PRESENTAR LOS TEMAS DE MANERA CLARA, SIMPLE Y ATRACTIVA PARA QUE EL ESTUDIANTE PUEDA APRENDER, INCLUSO DE MANERA AUTODIDACTA, AL MAYOR PARTE DEL MATERIAL DEL LIBRO. |
| 650 14 - SUBJECT ADDED ENTRY--TOPICAL TERM | |
| Topical term or geographic name entry element | FUNCIONES DE VARIABLES COMPLEJAS |
| General subdivision | MATEMATICAS |
| 740 ## - ADDED ENTRY--UNCONTROLLED RELATED/ANALYTICAL TITLE | |
| Uncontrolled related/analytical title | COMPLEX VARIABLES WITH APPLICATIONS |
| Withdrawn status | Lost status | Source of classification or shelving scheme | Damaged status | Not for loan | Collection code | Home library | Current library | Shelving location | Date acquired | Source of acquisition | Inventory number | Total Checkouts | Full call number | Barcode | Date last seen | Date last checked out | Price effective from | Koha item type |
|---|---|---|---|---|---|---|---|---|---|---|---|---|---|---|---|---|---|---|
| Dewey Decimal Classification | General | Biblioteca Karol Wojtyla | Biblioteca Karol Wojtyla | Sala general | 03/12/2013 | Compra | 151000000000000000039783 | 515.9 WUN 1999 | 78347 | 05/01/2026 | 06/02/2015 | 23/02/2015 | Reserva permanente | |||||
| Dewey Decimal Classification | General | San Martín | San Martín | Sala general | 03/12/2013 | Compra | 151000000000000000039776 | 515.9 WUN | 76719 | 01/07/2019 | 11/05/2015 | 03/12/2013 | Libro |